Operation of the trade agreements program

Uloženo v:
Podrobná bibliografie
Médium: Kniha
Jazyk:Undetermined
Vydáno: Washington USITC Publication 1988
Témata:
Tagy: Přidat tag
Žádné tagy, Buďte první, kdo otaguje tento záznam!
Thư viện lưu trữ: Trung tâm Học liệu Trường Đại học Cần Thơ
LEADER 00456nam a2200157Ia 4500
001 CTU_84861
008 210402s9999 xx 000 0 und d
082 |a 382 
082 |b O.61 
245 0 |a Operation of the trade agreements program 
260 |a Washington 
260 |b USITC Publication 
260 |c 1988 
650 |a commercial treaties,foreign trade regulation 
650 |z united states 
980 |a Trung tâm Học liệu Trường Đại học Cần Thơ